000 00602nam a2200181 4500
999 _c163227
_d163227
005 20190404155820.0
010 _aENG-125018
020 _a9789382711667
_c495.00
035 _aEN-108550
037 _bDBAD/PUB
082 _aN
100 _aSathe, Nitin
245 _aBorn to fly:
_bFighter pilot MP Anil Kumar teaches us there is no battle the mind cannot win/
_cby Nitin Sathe
260 _aNew Delhi
_bVitasta Publishing Pvt Ltd.
_c2017
270 _a21/15, Ansari Road, Daryaganj
_bNew Delhi
_e1100002
_minfo@vistatapublishing.com
300 _a216p.
_bill.
_c23cm(Hb)
942 _2ddc
_cEN
_hN
_mSAT